| 000 | 00432nam a22001337a 4500 | ||
|---|---|---|---|
| 082 | _a343.5491 | ||
| 100 | _aAli, Hamid | ||
| 245 |
_aCompendium of Pension Rules and Orders with Notifications: _bAmended, Corrected, Modified / _cHamid Ali & Zaka Ali |
||
| 260 |
_aKarachi : _bThe Ideal Publishers, _c2019. |
||
| 300 |
_a482 p. ; _c24 cm. |
||
| 942 |
_2ddc _cBK |
||
| 999 |
_c587220 _d587220 |
||